Old school / (Record no. 344339)
[ view plain ]
| 000 -LEADER | |
|---|---|
| fixed length control field | 00453nam a2200193Ia 4500 |
| 008 - FIXED-LENGTH DATA ELEMENTS--GENERAL INFORMATION | |
| fixed length control field | 170918s9999 xx 000 0 und d |
| 020 ## - INTERNATIONAL STANDARD BOOK NUMBER | |
| International Standard Book Number | 9781419722608 |
| 050 ## - LIBRARY OF CONGRESS CALL NUMBER | |
| Item number | K558 2015 |
| 100 ## - MAIN ENTRY--PERSONAL NAME | |
| Personal name | Kinney, Jeff |
| 245 ## - TITLE STATEMENT | |
| Title | Old school / |
| 245 ## - TITLE STATEMENT | |
| Statement of responsibility, etc | by Jeff Kinney. |
| 260 ## - PUBLICATION, DISTRIBUTION, ETC. (IMPRINT) | |
| Place of publication, distribution, etc | New York : |
| 260 ## - PUBLICATION, DISTRIBUTION, ETC. (IMPRINT) | |
| Name of publisher, distributor, etc | Scholastic, |
| 260 ## - PUBLICATION, DISTRIBUTION, ETC. (IMPRINT) | |
| Date of publication, distribution, etc | 2015 |
| 300 ## - PHYSICAL DESCRIPTION | |
| Extent | 217 pages : |
| 300 ## - PHYSICAL DESCRIPTION | |
| Other physical details | illustrations ; |
| 300 ## - PHYSICAL DESCRIPTION | |
| Dimensions | 20cm. |
| 300 ## - PHYSICAL DESCRIPTION | |
| Accompanying material | Diary of a wimpy kid / |
| Withdrawn status | Lost status | Damaged status | Home library | Current library | Date acquired | Total Checkouts | Full call number | Barcode | Date last seen | Price effective from | Koha item type | Source of classification or shelving scheme | Shelving location | Source of acquisition | Sub Shelving location |
|---|---|---|---|---|---|---|---|---|---|---|---|---|---|---|---|
| Elizalde Library | Elizalde Library | 03/14/2025 | Fic Kin55d 2015 | E12497 | 03/14/2025 | 03/14/2025 | Books | Dewey Decimal Classification | Fiction Section | Library Fund | |||||
| Munich Library | Munich Library | 04/15/2025 | Fic K558 2015 | M8942 | 04/15/2025 | 04/15/2025 | Books | Dewey Decimal Classification | Fiction Section | Library Fund | |||||
| Stonyhurst Southville International School (Malarayat) | Stonyhurst Southville International School (Malarayat) | 09/18/2017 | GS FIC K558 2015 | SSISM3411 | 09/18/2017 | 09/18/2017 | Books |